UEFA Euro 2008 Final Germany - Spain - Statistics

General Stats
  • This quiz has been taken 552 times
  • The average score is 18 of 30
Answer Stats
Players % Correct
Andrés Iniesta
96%
Xavi
96%
Carles Puyol
94%
Fernando Torres ¹
94%
Sergio Ramos
94%
Iker Casillas
93%
Miroslav Klose
89%
Philipp Lahm
88%
Bastian Schweinsteiger
80%
Xabi Alonso
78%
Michael Ballack
73%
Jens Lehmann
69%
Lukas Podolski
68%
Cesc Fàbregas
66%
David Silva
63%
Joachim Löw
63%
Joan Capdevila
60%
Per Mertesacker
53%
Mario Gómez
48%
Marcos Senna
44%
Christoph Metzelder
38%
Torsten Frings
38%
Luis Aragonés
34%
Arne Friedrich
31%
Carlos Marchena
31%
Dani Güiza
24%
Santi Cazorla
22%
Thomas Hitzlsperger
17%
Kevin Kurányi
16%
Marcell Jansen
13%
No matching quizzes found
Score Distribution
Percent of People with Each Score
Percentile by Number Answered
Your Score History
You have not taken this quiz